Catálogo

Enfermería medicoquirúrgica. (Registro nro. 18308)

Detalles MARC
000 -LEADER
fixed length control field 01514cam a2200361 i 4500
001 - CONTROL NUMBER
control field 18308
003 - CONTROL NUMBER IDENTIFIER
control field Mx-PuUPA
005 - DATE AND TIME OF LATEST TRANSACTION
control field 20251007164810.0
008 - FIXED-LENGTH DATA ELEMENTS--GENERAL INFORMATION
fixed length control field 140415s1989 mx a gr 001 0 spa d
020 ## - INTERNATIONAL STANDARD BOOK NUMBER
International Standard Book Number 9682514940
Qualifying information vol. 1
040 ## - CATALOGING SOURCE
Original cataloging agency MX-PuUPA
Language of cataloging spa
Description conventions rda
Transcribing agency Mx-PuUPA
Modifying agency Mx-PuUPA
041 1# - LANGUAGE CODE
Language code of text/sound track or separate title spa
Language code of original eng
100 1# - MAIN ENTRY--PERSONAL NAME
Personal name Brunner, Lillian Sholtis,
Relator term autor
9 (RLIN) 7072
240 10 - UNIFORM TITLE
Uniform title Texttbook of medical-surgical nursing.
Language of a work Español
245 10 - TITLE STATEMENT
Title Enfermería medicoquirúrgica.
Number of part/section of a work Vol. 1 /
Statement of responsibility, etc. Lillian Sholtis Bruner, Doris Smith Suddarth, Brenda G. Bare, Mary Jo Boyer, Suzanne C. O'Conell Smeltzer ; traducción, Jorge Blanco Magallanez, Rafael Blenglio.
250 ## - EDITION STATEMENT
Edition statement Quinta edición /
Remainder of edition statement español
264 #1 - PRODUCTION, PUBLICATION, DISTRIBUTION, MANUFACTURE, AND COPYRIGHT NOTICE
Place of production, publication, distribution, manufacture México, D.F. :
Name of producer, publisher, distributor, manufacturer Nueva Editorial Interamericana,
Date of production, publication, distribution, manufacture, or copyright notice ©1989
300 ## - PHYSICAL DESCRIPTION
Extent xxii, 870 páginas :
Other physical details ilustraciones (blanco y negro) ;
Dimensions 28 cm.
336 ## - CONTENT TYPE
Content type term texto
Fuente rdacontent
Content type code txt
337 ## - MEDIA TYPE
Media type term sin medio
Source rdamedia
Media type code n
338 ## - CARRIER TYPE
Carrier type term volumen
Source rdacarrier
Carrier type code nc
650 #7 - SUBJECT ADDED ENTRY--TOPICAL TERM
Topical term or geographic name entry element Enfermería quirúrgica
700 1# - ADDED ENTRY--PERSONAL NAME
Personal name Suddarth, Doris Smith,
Relator term autor
700 1# - ADDED ENTRY--PERSONAL NAME
Personal name Bare, Brenda G.,
Relator term autor
700 1# - ADDED ENTRY--PERSONAL NAME
Personal name Boyer, Mary Jo,
Relator term autor
700 1# - ADDED ENTRY--PERSONAL NAME
Personal name O'Conell Smeltzer, Suzanne Z.,
Relator term autor
700 1# - ADDED ENTRY--PERSONAL NAME
Personal name Blanco Magallanez, Jorge,
Relator term traductor
700 1# - ADDED ENTRY--PERSONAL NAME
Personal name Blenglio, Rafael,
Relator term traductor
765 0# - ORIGINAL LANGUAGE ENTRY
Main entry heading Brunner, Lillian Sholtis
Title Texttbook of medical-surgical nursing
Edition 6a. edición
Place, publisher, and date of publication J.B. Lippincott Company, ©1988
942 ## - ADDED ENTRY ELEMENTS (KOHA)
Source of classification or shelving scheme Dewey Decimal Classification
Koha item type Libro
Classification part 617.0231
Item part B8818
Existencias
Withdrawn status Lost status Source of classification or shelving scheme Damaged status Not for loan Collection code Home library Current library Shelving location Date acquired Source of acquisition Total Checkouts Full call number Barcode Date last seen Price effective from Koha item type Serial Enumeration / chronology Date last checked out Cost, replacement price
    Dewey Decimal Classification     General Biblioteca Karol Wojtyla Biblioteca Karol Wojtyla Sala general 03/12/2013 Compra   617.0231 B8818 1989 37564 05/01/2026 19/04/2018 Libro v.1 21/02/2018 0.00
    Dewey Decimal Classification   Consulta en sala General Tehuacán Tehuacán Sala general 10/02/2017 Compra   610.73677 BRU 2005 510384 08/01/2025 11/02/2017 Reserva permanente